| 000 | 00646cam a2200205 a 4500 | ||
|---|---|---|---|
| 001 | 000005148 | ||
| 005 | 20200929151607.0 | ||
| 008 | 930715s1992 ck 000 p spa | ||
| 020 | _a9586121127 | ||
| 040 |
_aDO-SdBNP _bspa _cBNPHU |
||
| 082 |
_aC861.44 _bG215b |
||
| 100 | 1 |
_aGarcés, Gustavo Adolfo, _d1957- _914731 |
|
| 245 | 1 | 0 |
_aBreves días / _cGustavo Adolfo Garcés. |
| 260 |
_aBogotá, Colombia : _bColcultura, _c1992. |
||
| 300 |
_a67 p. ; _c21 cm. |
||
| 490 | 1 |
_aPremios nacionales '92. _aLiteratura |
|
| 650 | 4 |
_aPoesía colombiana _93742 |
|
| 650 | 4 |
_aLiteratura colombiana _91244 |
|
| 830 | 0 |
_aPremios nacionales '92. _gLiteratura _98678 |
|
| 999 |
_c4951 _d4951 |
||